ბათუმის შოთა რუსთაველის სახელმწიფო უნივერსიტეტის ბიბლიოთეკა

შენ უკვდავების ხარ ბინადარი : ლექსები გალაკტიონზე (ბიბ.ჩანაწერი № 48193)

000 -LEADER
fixed length control field 00889nam a2200205Ia 4500
001 - CONTROL NUMBER
control field 15075
003 - CONTROL NUMBER IDENTIFIER
control field GE_BSU
008 - FIXED-LENGTH DATA ELEMENTS--GENERAL INFORMATION
fixed length control field 181216s||||||||xx |||||||||||||| ||und||
040 ## - CATALOGING SOURCE
Transcribing agency GE_BSU
080 ## - UNIVERSAL DECIMAL CLASSIFICATION NUMBER
Universal Decimal Classification number 821.353.1-1(092)
100 ## - MAIN ENTRY--PERSONAL NAME
Personal name კრებული შეადგინა და წინასიტყვ. დაურთო ალ. შუშანაშვილმა.
245 ## - TITLE STATEMENT
Title შენ უკვდავების ხარ ბინადარი : ლექსები გალაკტიონზე
245 ## - TITLE STATEMENT
Statement of responsibility, etc. რედ:თ.დაუშვილი;მხატვ:.თ.შარიფაშვილი
260 ## - PUBLICATION, DISTRIBUTION, ETC.
Place of publication, distribution, etc. თბილისი
260 ## - PUBLICATION, DISTRIBUTION, ETC.
Name of publisher, distributor, etc. საბჭოთა საქართველო
260 ## - PUBLICATION, DISTRIBUTION, ETC.
Date of publication, distribution, etc. 1982
300 ## - PHYSICAL DESCRIPTION
Extent 430გვ;16სმ,პორტრ.
653 ## - INDEX TERM--UNCONTROLLED
Uncontrolled term ტაბიძე, გალაკტიონ;
942 ## - ADDED ENTRY ELEMENTS (KOHA)
Koha item type წიგნი
ეგზემპლარები
Withdrawn status Lost status Damaged status Not for loan Date acquired Barcode Date last seen Price effective from Koha item type
        2018-12-17 38176 2018-12-17 2018-12-17 წიგნი
        2018-12-17 38190 2018-12-17 2018-12-17 წიგნი